Niektoré aspekty konkurenčnej schopnosti podniku diplomová práca

Gespeichert in:
Bibliographische Detailangaben
1. Verfasser: Patkaňová, Silvia
Körperschaft: Podnikovohospodárska fakulta EU so sídlom v Košiciach. Katedra účtovníctva a financií
Weitere Verfasser: Bobáková, Viktória
Format: Buch
Sprache:Slowakisch
Veröffentlicht: Košice 2011
Tags: Tag hinzufügen
Keine Tags, Fügen Sie das erste Tag hinzu!

MARC

LEADER 00000nbm a2200000 4500
001 0139034
005 20170315090425.3
041 0 |a slo 
044 |a SK 
245 1 0 |a Niektoré aspekty konkurenčnej schopnosti podniku  |b diplomová práca  |c Silvia Patkaňová ; školiteľ: Viktória Bobáková 
264 1 |a Košice  |c 2011 
300 |a 81 s. 
100 1 |a Patkaňová, Silvia 
700 1 |a Bobáková, Viktória 
710 2 |a Podnikovohospodárska fakulta EU so sídlom v Košiciach. Katedra účtovníctva a financií